Statistics for Geography of Indonesia

Click here to take the quiz!

General Stats

  • This quiz has been taken 57 times
  • The average score is 5 of 15

Answer Stats

Hint Answer % Correct
Capital city of Indonesia?Jakarta
98%
What's Indonesia's largest province?Papua
47%
Volcano island that's between Sumatra & Java is...Krakatoa Island
47%
What's the world largest volcanic lake?Lake Toba
45%
The old name of Indonesia's capital city is.. (during the dutch colonization)Batavia
45%
The city of Indonesia that was nicknamed Paris Van Java is...Bandung
36%
What was Indonesia's capital city during the year of 1946-1948?Yogyakarta
34%
What's Indonesia's longest river?Kapuas River
32%
Indonesia's highest peak is? (also ocenia continent's & island's highest peak)Mount Jayawijaya
28%
A sea of Indonesia that's in the north of Java island & south of BorneoJava sea
28%
What was province that wasn't part of Indonesia until 1969? (Before splitted into two province)Irian Jaya
23%
Strait that separates Sumatra island from Malaya peninsula?Malacca Strait
19%
The island that is bordered by Indonesia & Malaysia is... (Outside Borneo island)Sebatik Island
6%
What's the smallest island in the greater sunda islands? (excluding small island)Java Island
4%
The bridge that was used to be Indonesia's longest bridge and collapsed on 26 November 2011 is...Kutai Kartanegara Bridge
2%

Score Distribution

Percentile by Number Answered

Percent of People with Each Score

Your Score History

You have not taken this quiz